000 00894nam a2200265 i 4500
003 DO-SdBNP
005 20230815095132.0
007 ta
008 110413s2010 dr 000 0 spa d
040 _aDO-SdBNP
_bspa
_cBNPHU
_erda
082 _axxx
_bC352
_222
100 _aCastillo Rodríguez, Marino Vinicio,
_cVincho,
_d1931-
_970945
245 1 0 _aLo crucial de la transparencia /
_cMarino Vinicio Castillo
264 _aSanto Domingo :
_bCNECC,
_bSUBEN,
_c[2010].
300 _a20 páginas
_c21 cm.
336 _2rdacontent
_atexto
_btxt
337 _2rdamedia
_asin mediación
_bn
338 _2rdacarrier
_avolumen
_bnc
490 1 _aConferencia Magistral ;
590 _aInventariado, 2023/ YL
710 _aComisión Nacional de Ética y Combate a la Corrupción (CNECC)
_983952
710 _aSistema Único de Beneficiarios (SUBEN)
_983953
910 _aYLockward
942 _2ddc
_cLF2
999 _c54408
_d54408